Apostolisches Glaubensbekenntnis - Statistiken

Allgemein
  • Dieses Quiz wurde 387 mal gespielt
  • Das Durchschnittsergebnis liegt bei 82 aus 103
Antwortstatistiken
Antwort % Korrekt
Ich
96%
an
94%
den
94%
der
94%
glaube
94%
Gott,
94%
Vater,
94%
er
92%
Himmel;
92%
Jesus
91%
und
91%
Und
91%
heilige
89%
Erde.
88%
Sohn,
88%
Allmächtigen,
87%
allmächtigen
87%
des
87%
Geist,
87%
Christus,
86%
Heiligen
86%
Heiligen,
86%
Schöpfer
86%
seinen
86%
die
85%
Toten,
83%
Toten.
83%
Toten
83%
Himmels
82%
Maria,
81%
von
81%
eingeborenen
80%
Jungfrau
80%
am
78%
das
78%
in
78%
auferstanden
77%
geboren
77%
gestorben
77%
Kirche,
77%
zu
76%
gekreuzigt,
75%
Pilatus,
75%
katholische
73%
Rechten
73%
gelitten
72%
Leben.
72%
Pontius
72%
unter
72%
dritten
71%
Gottes,
71%
Tage
71%
zur
71%
sitzt
70%
begraben,
69%
aufgefahren
68%
Reich
68%
Herrn,
64%
dort
63%
Lebenden
63%
richten
63%
Amen.
62%
wird
62%
Todes,
61%
hinabgestiegen
60%
empfangen
59%
kommen,
59%
durch
58%
Vaters;
58%
Auferstehung
56%
ewige
56%
Gemeinschaft
56%
Sünden,
51%
unsern
51%
Vergebung
51%
Keine übereinstimmenden Quizze gefunden
Verteilung der Resultate
Anzahl Personen mit jedem Resultat
Perzentil nach korrekt beantworteten Fragen
Ihre Resultats-Entwicklung
Sie haben dieses Quiz noch nicht gespielt